|
|
|
|
| LEADER |
00000nab a2200000ua 4500 |
| 001 |
vtls010772217 |
| 003 |
SK-MaSNL |
| 005 |
20260303151758.0 |
| 008 |
230222s1976 xo |||||||||||||||||slo| |
| 035 |
|
|
|a (urnnbn)urn:nbn:sk:snk:ar-a03vo3
|
| 035 |
|
|
|a (uuid)72d88cbc-595e-4423-82e9-b3f9e589ddb1
|
| 035 |
|
|
|a urn:nbn:sk:snk-ab5fjs
|
| 040 |
|
|
|a SNKBUCL
|b slo
|c SNKBUCL
|e AACR2
|
| 041 |
0 |
|
|a slo
|
| 044 |
|
|
|a xo
|c SK
|
| 100 |
1 |
|
|a Horecký, Ján,
|d 1920-2006
|4 aut
|9 105131
|
| 245 |
1 |
0 |
|a Masová komunikácia a propaganda
|c Ján Horecký
|
| 773 |
0 |
|
|t Otázky žurnalistiky : revue pre výskum masových komunikačných prostriedkov
|g Roč. 19, č. 2 (1976), s. 42-43
|
| 954 |
|
|
|a odborná, vedecká literatúra pôvodná (slovenská)
|2 lita
|
| 958 |
|
|
|a OND
|
| 958 |
|
|
|a EUIPO
|
| 958 |
|
|
|a article3
|
| 999 |
|
|
|c 2019539
|d 2021469
|